| 000 | 01552nam a2200373 a 4500 | ||
|---|---|---|---|
| 001 | 00250 | ||
| 003 | DO-SdBNP | ||
| 005 | 20180312084121.0 | ||
| 007 | 00250 | ||
| 008 | 091118s2004 dr 2008 000 0 spa d | ||
| 020 | _a9993498238 (v.1) | ||
| 040 |
_aBPMSU _bspa _cBPMSU |
||
| 092 |
_a372.83 _bC238s 4to. 2008 |
||
| 100 | 1 | _aCapellán Almonte, Fanny | |
| 245 | 0 | 0 |
_aSociedad 4 : _bbásica / _cFanny Capellán Almonte, Eric Castro Ricart ;editor Margarita Castro Catrain |
| 260 |
_aSanto Domingo : _bSantillana, _c2004. |
||
| 300 |
_a127 p. : _bil., mapas., retrs. ; _c28 cm. |
||
| 490 | 1 | _aÁmbar | |
| 500 | _aLa biblioteca posee el libro texto | ||
| 505 | 0 |
_tUnidade 1 - _tNuestro planeta -- _tUnidad 2 -- _tEl antecedente colonial -- _tUnidad 3 -- _tLa República Dominicana -- _tUnidad 4 -- _tNuestros indígenas _tUnidad 5 -- _tEl descubrimiento -- _tUnidad 6 -- _tColonia de Santo Domingo -- _tUnidad 7 -- _tDivisión de la isla -- _tUnidad 8 -- _tLa República. |
|
| 650 | 4 |
_aCIENCIAS SOCIALES _xENSEÑANZA BÁSICA |
|
| 650 | 4 |
_aCIENCIAS SOCIALES _xEDUCACIÓN PRIMARIA |
|
| 650 | 4 |
_aCIENCIAS SOCIALES _xLIBROS DE TEXTOS |
|
| 650 | 4 |
_aCIENCIAS SOCIALES _xESTUDIOS Y EJERCICIOS |
|
| 650 | 4 |
_aEDUCACIÓN PRIMARIA _zREPÚBLICA DOMINICANA |
|
| 700 | 1 | 2 | _aCastro Ricart, Eric |
| 700 | 1 | 2 | _aCastro Catrain |
| 700 | 1 | 2 |
_aCastro Catrain, Margarita, _eed. |
| 830 | 0 | _aÁmbar | |
| 942 |
_2ddc _cBK |
||
| 945 | _aRemanejado para la BNPHU / 2018 VM | ||
| 956 |
_aVMATEO _b10 _c20150701 _lBPMSU _h00151 |
||
| 956 |
_aBTAVÁREZ _b10 _c20160414 _l00250 |
||
| 999 |
_c7939 _d7939 |
||